Statistics for Members of the Grand Ole Opry

Click here to take the quiz!

General Stats

  • This quiz has been taken 290 times
  • The average score is 11 of 66

Answer Stats

Hint Inducted Answer % Correct
Female1969Dolly Parton
67%
Male1990Garth Brooks
66%
Male1991Alan Jackson
54%
Female1962Loretta Lynn
52%
Female1986Reba McEntire
52%
Female2008Carrie Underwood
51%
Male1956George Jones
44%
Male1956Stonewall Jackson
38%
Male2001Brad Paisley
37%
Male1986Randy Travis
34%
Male1991Vince Gill
34%
Male2012Keith Urban
33%
Male2010Blake Shelton
26%
Male1992Travis Tritt
25%
Male1948Little Jimmy Dickens
24%
Group2011Rascal Flatts
22%
Female1995Martina McBride
22%
Female1999Trisha Yearwood
21%
Male2003Trace Adkins
20%
Female2004Terri Clark
19%
Male1987Roy Clark
19%
Female1965Connie Smith
18%
Male1991Clint Black
18%
Male1961Bill Anderson
18%
Male2008Charlie Daniels
16%
Group2011The Oak Ridge Boys
16%
Male1993Charley Pride
15%
Male2007Mel Tillis
14%
Female1984Lorrie Morgan
14%
Male2009Montgomery Gentry
14%
Male2008Craig Morgan
14%
Male1982Ricky Skaggs
13%
Male1992Marty Stuart
13%
Female2000Pam Tillis
13%
Male1976Ronnie Milsap
11%
Male1963Jim Ed Brown
10%
Male2005Dierks Bentley
10%
Group1998Diamond Rio
10%
Female1972Barbara Mandrell
10%
Female1988Patty Loveless
9%
Male2007Josh Turner
9%
Female1993Alison Krauss
9%
Female1992Emmylou Harris
8%
Female1973Jeanne Pruett
4%
Male1981John Conlee
4%
Group1976The Gatlin Brothers
4%
Male1993Joe Diffie
4%
Female1955Jean Shepard
3%
Group1984The Whites
3%
Female1971Jan Howard
3%
Female1967Jeannie Seely
3%
Male1994Hal Ketchum
3%
Male1971Tom T. Hall
3%
Male1988Ricky Van Shelton
2%
Group1982Riders in the Sky
2%
Male1964Jesse McReynolds
2%
Male2003Del McCoury
2%
Male1990Mike Snider
1%
Male2000Ralph Stanley
1%
Male1967Stu Phillips
1%
Group1964The Osborne Brothers
1%
Male1956Jimmy C. Newman
1%
Male1967Jack Greene
1%
Male1996Steve Wariner
1%
Male1960George Hamilton IV
1%
Male1966Ray Pillow
1%

Score Distribution

Percentile by Number Answered

Percent of People with Each Score

Your Score History

You have not taken this quiz